[Event "World Blitz 2023"]
[Site "Samarkand UZB"]
[Date "2023.12.30"]
[Round "15.76"]
[White "Vescovi, Giovanni"]
[Black "Tregubenko, Nikolay"]
[Result "1-0"]
[WhiteElo "2593"]
[BlackElo "1955"]
[EventDate "2023.12.29"]

1. Nf3 Nf6 2. c4 g6 3. Nc3 Bg7 4. e4 d6 5. d4 O-O 6. Be2 e5 7. d5 a5 8. Bg5
Nbd7 9. Nd2 Nc5 10. O-O c6 11. Rb1 Bd7 12. b3 Rb8 13. a3 cxd5 14. Nxd5 Ne6
15. Be3 Nxd5 16. cxd5 Nf4 17. Nc4 Bb5 18. Re1 f5 19. Bxf4 exf4 20. exf5
gxf5 21. Nd2 Bxe2 22. Qxe2 Re8 23. Qd3 Qf6 24. Nc4 b6 25. Rxe8+ Rxe8 26.
Nxb6 Qd4 27. Qxd4 Bxd4 28. Nc4 Re2 29. Nxa5 Rxf2 30. Kh1 Be5 31. Nc6 Bc3
32. b4 Ra2 33. b5 Rxa3 34. b6 1-0

[Event "World Blitz 2023"]
[Site "Samarkand UZB"]
[Date "2023.12.30"]
[Round "15.77"]
[White "Amangeldy, Ernur"]
[Black "Khusenkhojaev, Mustafokhuja"]
[Result "0-1"]
[WhiteElo "2144"]
[BlackElo "2082"]
[EventDate "2023.12.29"]

1. c4 Nf6 2. Nc3 d5 3. cxd5 Nxd5 4. d4 g6 5. Nf3 Bg7 6. e4 Nxc3 7. bxc3 c5
8. h3 O-O 9. Be2 cxd4 10. cxd4 Qa5+ 11. Bd2 Qa3 12. O-O Nc6 13. d5 Ne5 14.
Rb1 Bd7 15. Bb4 Qxa2 16. Bxe7 Rfe8 17. Bd6 Ba4 18. Qe1 Bc2 19. Rxb7 Bxe4
20. Nxe5 Bxe5 21. Bxe5 Rxe5 22. Bf3 Qxd5 23. Bxe4 Rxe4 24. Qb1 a5 25. Rd1
Qe6 26. Rb6 Qe8 27. Rb3 a4 28. Ra3 Qe7 29. Qa1 Qc5 30. Rc1 Rc4 31. Rxc4
Qxc4 32. g3 h5 33. h4 Qe4 34. Re3 Qc6 0-1

[Event "World Blitz 2023"]
[Site "Samarkand UZB"]
[Date "2023.12.30"]
[Round "15.78"]
[White "Nafri, Khalil"]
[Black "Bogdan, David"]
[Result "1-0"]
[WhiteElo "2151"]
[BlackElo "1880"]
[EventDate "2023.12.29"]

1. e4 c5 2. Nf3 Nc6 3. d4 cxd4 4. Nxd4 Nf6 5. Nc3 e5 6. Ndb5 d6 7. Bg5 a6
8. Na3 b5 9. Bxf6 gxf6 10. Nd5 Be6 11. c3 f5 12. Bd3 Rc8 13. Nc2 Bxd5 14.
exd5 Ne7 15. Qh5 e4 16. Be2 Bg7 17. O-O O-O 18. a4 Rb8 19. axb5 axb5 20.
Ra7 Nxd5 21. Qxf5 Qb6 22. Rfa1 e3 23. Qxd5 exf2+ 24. Kf1 Rbe8 25. Rb7 Qc5
26. Qxc5 dxc5 27. Kxf2 Rd8 28. Rd1 Ra8 29. Bxb5 Ra2 30. Bc4 Raa8 31. Rdd7
Rac8 32. Rxf7 Rxf7+ 33. Rxf7 Kh8 34. Ne3 Rb8 35. b3 Rd8 36. Nd5 Ra8 37. b4
cxb4 38. cxb4 Rc8 39. Rd7 Rxc4 40. Rd8+ Bf8 41. Rxf8+ Kg7 42. Rb8 Rd4 43.
Ne3 Rd2+ 44. Kf3 Rb2 45. b5 Kg6 46. b6 Kh6 47. b7 Rb3 48. g4 Rb2 49. h4 Rb5
50. Nf5+ Kg6 51. Rg8+ Kf7 52. b8=Q Rc5 1-0

[Event "World Blitz 2023"]
[Site "Samarkand UZB"]
[Date "2023.12.30"]
[Round "16.1"]
[White "Indjic, Aleksandar"]
[Black "Carlsen, Magnus"]
[Result "0-1"]
[WhiteElo "2631"]
[BlackElo "2887"]
[EventDate "2023.12.29"]

1. d4 Nf6 2. c4 e6 3. Nc3 Bb4 4. e3 d5 5. a3 Be7 6. Nf3 O-O 7. b4 b6 8.
cxd5 exd5 9. Bb2 a6 10. Bd3 Bd6 11. Ne5 c5 12. bxc5 bxc5 13. O-O c4 14. Bc2
Nbd7 15. f4 Rb8 16. Ra2 Nb6 17. Ba1 Qe7 18. e4 Bb7 19. exd5 Nbxd5 20. Qe1
Bxa3 21. Qh4 Ne3 22. Re1 Nxc2 23. Rxc2 Qe6 24. Qf2 Qf5 25. h3 h5 26. Kh2
Bb4 27. Rb1 Bxc3 28. Bxc3 Ne4 29. Qf1 Nxc3 30. Rxc3 Bxg2 31. Kxg2 Rxb1 32.
Qxc4 Qxf4 33. Rf3 Rb2+ 34. Kf1 Qd2 0-1

[Event "World Blitz 2023"]
[Site "Samarkand UZB"]
[Date "2023.12.30"]
[Round "16.2"]
[White "Artemiev, Vladislav"]
[Black "Aronian, Levon"]
[Result "1-0"]
[WhiteElo "2799"]
[BlackElo "2772"]
[EventDate "2023.12.29"]

1. d4 Nf6 2. c4 e6 3. Nc3 Bb4 4. Qc2 O-O 5. a3 Bxc3+ 6. Qxc3 d5 7. Bg5 h6
8. Bxf6 Qxf6 9. Nf3 dxc4 10. Qxc4 Nc6 11. Qc3 Re8 12. Rd1 e5 13. d5 Nb8 14.
e3 c6 15. Be2 cxd5 16. Rxd5 Nc6 17. O-O Be6 18. Rc5 Bg4 19. h3 Bh5 20. b4
a6 21. Rd1 Rac8 22. Rc1 b6 23. Rxc6 1-0

[Event "World Blitz 2023"]
[Site "Samarkand UZB"]
[Date "2023.12.30"]
[Round "16.3"]
[White "Nepomniachtchi, Ian"]
[Black "Vachier-Lagrave, Maxime"]
[Result "1/2-1/2"]
[WhiteElo "2795"]
[BlackElo "2748"]
[EventDate "2023.12.29"]

1. e4 c5 2. Nf3 d6 3. d4 cxd4 4. Nxd4 Nf6 5. Nc3 a6 6. Be2 e5 7. Nf3 Be7 8.
Bg5 Be6 9. Bxf6 Bxf6 10. Qd2 Be7 11. h4 h6 12. O-O-O Nd7 13. Nd5 Bxd5 14.
Qxd5 Qc7 15. Bc4 O-O 16. Qd3 Rac8 17. Bd5 Nf6 18. Qe2 g6 19. Kb1 b5 20. h5
Nxh5 21. Rxh5 gxh5 22. Rh1 Kg7 23. Rxh5 Rh8 24. Ne1 Bg5 25. Nd3 Rcg8 26. g3
Kf8 27. Nb4 Rg6 28. a3 Qb6 29. f4 exf4 30. gxf4 Be7 31. Nc6 Rhg8 32. Rf5
Rf6 33. Qh5 Qg1+ 34. Ka2 Qg6 35. Qe2 1/2-1/2

[Event "World Blitz 2023"]
[Site "Samarkand UZB"]
[Date "2023.12.30"]
[Round "16.5"]
[White "Nesterov, Arseniy"]
[Black "Caruana, Fabiano"]
[Result "0-1"]
[WhiteElo "2488"]
[BlackElo "2815"]
[EventDate "2023.12.29"]

1. d4 Nf6 2. c4 e6 3. Nf3 d5 4. Nc3 c6 5. e3 a6 6. Qc2 c5 7. cxd5 exd5 8.
Be2 Nc6 9. O-O cxd4 10. Nxd4 Nxd4 11. exd4 Be7 12. Bf3 O-O 13. Bg5 Be6 14.
Qb3 h6 15. Bxf6 Bxf6 16. Rad1 Rc8 17. Nxd5 Bg5 18. Qxb7 Rb8 19. Qc6 Rxb2
20. Nc3 Qa5 21. Ne4 Rc8 22. Qd6 Rd8 23. Qc5 Rb5 24. Qc3 Be7 25. Qxa5 Rxa5
26. Nc5 Bxc5 27. dxc5 Rxd1 28. Rxd1 Rxc5 29. a3 Rc3 30. Rd8+ Kh7 31. Rd3
Rc5 32. h4 g5 33. hxg5 hxg5 34. Be4+ Kg7 35. Re3 a5 36. f3 f5 37. Bd3 Kf6
38. Bf1 f4 39. Rd3 Rc1 40. Rd4 Ra1 41. Ra4 Bb3 42. Rd4 Rxa3 43. g3 fxg3 44.
Kg2 Ra1 45. Bb5 a4 46. Rb4 Bc2 47. Rc4 Bd1 48. Rc6+ Ke5 49. Kxg3 a3 50.
Rc5+ Kd4 51. Rxg5 a2 52. Rg4+ Kc3 53. Rc4+ Kb3 54. Rc8 Be2 55. Bxe2 Rg1+
56. Kf2 a1=Q 57. Rb8+ Kc3 0-1

[Event "World Blitz 2023"]
[Site "Samarkand UZB"]
[Date "2023.12.30"]
[Round "16.7"]
[White "Yu, Yangyi"]
[Black "Svidler, Peter"]
[Result "1-0"]
[WhiteElo "2762"]
[BlackElo "2689"]
[EventDate "2023.12.29"]

1. e4 c5 2. Nf3 d6 3. d4 cxd4 4. Nxd4 Nf6 5. Nc3 a6 6. g3 g6 7. Bg2 Bg7 8.
h3 O-O 9. O-O Nc6 10. Be3 Bd7 11. Re1 Rc8 12. Nde2 b5 13. b3 Qa5 14. a4 b4
15. Nd5 Nxd5 16. exd5 Nd8 17. Rc1 Qc7 18. Kh2 e5 19. dxe6 Nxe6 20. Nf4 Nxf4
21. Bxf4 Be5 22. Bxe5 dxe5 23. Qe2 Qb6 24. Rcd1 Bf5 25. Rd2 Rc5 26. Qe3 Qc7
27. Bd5 Bxc2 28. Qxe5 Qxe5 29. Rxe5 Kh8 30. Ree2 Bf5 31. Bc4 a5 32. Re7 Kg7
33. g4 Kf6 34. Ra7 Be6 35. Ra6 Ke5 36. Re2+ Kf4 37. Bxe6 fxe6 38. Raxe6 Rc3
39. Kg2 Rxb3 40. R6e5 1-0

[Event "World Blitz 2023"]
[Site "Samarkand UZB"]
[Date "2023.12.30"]
[Round "16.9"]
[White "Mamedyarov, Shakhriyar"]
[Black "Radjabov, Teimour"]
[Result "1/2-1/2"]
[WhiteElo "2716"]
[BlackElo "2664"]
[EventDate "2023.12.29"]

1. d4 Nf6 2. c4 e6 3. Nf3 d5 4. Nc3 Be7 5. Bf4 O-O 6. e3 Nbd7 7. a3 c5 8.
cxd5 Nxd5 9. Nxd5 exd5 10. dxc5 Nxc5 11. Be2 Bf5 12. O-O Bf6 13. Be5 Bxe5
14. Nxe5 Qd6 15. Nd3 Bxd3 16. Bxd3 Rfd8 17. Be2 Ne6 18. Bg4 Rac8 19. Rc1
Rxc1 20. Qxc1 g6 21. h3 h5 22. Bxe6 Qxe6 23. Rd1 Rc8 24. Qd2 b6 25. Qxd5
Qxd5 26. Rxd5 Rc1+ 27. Kh2 Rc2 28. Rd7 Rxb2 29. Rxa7 Rxf2 30. Kg3 1/2-1/2

[Event "World Blitz 2023"]
[Site "Samarkand UZB"]
[Date "2023.12.30"]
[Round "16.10"]
[White "Murzin, Volodar"]
[Black "Nihal, Sarin"]
[Result "1/2-1/2"]
[WhiteElo "2591"]
[BlackElo "2689"]
[EventDate "2023.12.29"]

1. d4 Nf6 2. Nf3 d5 3. Bf4 c5 4. e3 Nc6 5. Nbd2 Bg4 6. c3 e6 7. Qb3 Qc8 8.
h3 Bxf3 9. Nxf3 Be7 10. Bb5 O-O 11. O-O c4 12. Qa4 Nd8 13. Qd1 a6 14. Ba4
b5 15. Bc2 Nc6 16. Bg5 Ne4 17. Bxe7 Nxe7 18. Nd2 Nxd2 19. Qxd2 Qc7 20. e4
dxe4 21. Bxe4 Rad8 22. Rfe1 Nd5 23. a3 Nf6 24. Qe3 Nxe4 25. Qxe4 Rd5 26.
Qf3 g6 27. Re3 Kg7 28. Rae1 Rfd8 29. Re5 a5 30. h4 h5 31. Qg3 Qe7 32. Rxd5
Rxd5 33. Re5 Qd6 34. Qg5 Rxe5 35. dxe5 Qd3 36. Qf6+ Kg8 37. Kh2 Qd2 38. f3
b4 39. axb4 axb4 40. cxb4 Qxb4 41. Qd8+ Kg7 42. Qf6+ Kg8 43. Qd8+ Kh7 44.
Qf6 Qb7 45. Kh3 Qd7 46. Qf4 Qc7 47. Qd4 Kg7 48. g4 Qb7 49. Kg3 hxg4 50.
fxg4 Qb3+ 51. Qc3 Qb5 52. Qd4 Qb3+ 53. Qc3 Qb5 54. Qd4 Qb4 55. h5 Qe1+ 56.
Kg2 gxh5 57. gxh5 Qe2+ 58. Kg1 Qxh5 59. Qxc4 Qxe5 60. b4 Kf6 61. b5 Ke7 62.
Qb4+ Kd7 63. b6 Kc8 64. Qf8+ Kb7 65. Qxf7+ Kxb6 66. Kf1 Kc6 67. Qe8+ Kc7
68. Qe7+ Kb6 69. Qb4+ Kc6 70. Qc4+ Kd7 71. Qa4+ Ke7 72. Qh4+ Kf7 73. Qh7+
Ke8 74. Kf2 Qg5 75. Ke2 Kd8 76. Kd3 e5 77. Ke4 Qf4+ 78. Kd5 Qd4+ 79. Ke6 e4
80. Qb7 Qc4+ 81. Kd6 Qd4+ 82. Ke6 Qc4+ 83. Kd6 Qd3+ 84. Ke6 Qh3+ 85. Kd6
Qh6+ 86. Ke5 Qg5+ 87. Ke6 Qg6+ 88. Ke5 Qg5+ 89. Ke6 Qg4+ 90. Kd6 Qg6+ 91.
Ke5 Qe8+ 92. Kd4 Qd7+ 93. Qxd7+ Kxd7 1/2-1/2

[Event "World Blitz 2023"]
[Site "Samarkand UZB"]
[Date "2023.12.30"]
[Round "16.11"]
[White "Rapport, Richard"]
[Black "Shimanov, Aleksandr"]
[Result "1-0"]
[WhiteElo "2748"]
[BlackElo "2611"]
[EventDate "2023.12.29"]

1. e4 e6 2. d3 d5 3. Nd2 Nf6 4. Ngf3 Be7 5. g3 a5 6. Bg2 a4 7. a3 c5 8. O-O
Nc6 9. Re1 h6 10. e5 Nh7 11. Nf1 O-O 12. h4 Kh8 13. N1h2 b5 14. d4 b4 15.
axb4 Nxb4 16. c3 Nc6 17. Rxa4 Rxa4 18. Qxa4 Qb6 19. Ng4 Bd7 20. dxc5 Bxc5
21. Qc2 Rc8 22. b4 Be7 23. Be3 Qb8 24. Qd2 h5 25. Ngh2 Nxe5 26. Nxe5 Qxe5
27. Bd4 Qc7 28. Qh6 f6 29. Qxh5 e5 30. Bxd5 Be8 31. Qf5 Rd8 32. Qe6 Bd7 33.
Qxe7 exd4 34. cxd4 Qb8 35. Ra1 Nf8 36. Ra8 Qxa8 37. Bxa8 Rxa8 38. d5 Kg8
39. Nf3 Ra1+ 40. Kg2 Rd1 41. Qc5 Bf5 42. Nd4 Be4+ 43. f3 Rd2+ 44. Kg1 Bg6
45. Qc3 Rd3 46. Qc4 Rd1+ 47. Kf2 Bf7 48. b5 Rb1 49. Ne6 Ng6 50. Qc8+ Kh7
51. h5 Ne5 52. Qc2+ 1-0

[Event "World Blitz 2023"]
[Site "Samarkand UZB"]
[Date "2023.12.30"]
[Round "16.12"]
[White "Sarana, Alexey"]
[Black "Suleymanli, Aydin"]
[Result "1-0"]
[WhiteElo "2707"]
[BlackElo "2553"]
[EventDate "2023.12.29"]

1. d4 Nf6 2. c4 e6 3. Nc3 Bb4 4. e3 O-O 5. Bd3 d5 6. Nf3 c5 7. O-O dxc4 8.
Bxc4 cxd4 9. exd4 b6 10. Qe2 Bb7 11. Rd1 Nbd7 12. d5 Bxc3 13. dxe6 Bxf3 14.
Qxf3 Ne5 15. exf7+ Kh8 16. Rxd8 Nxf3+ 17. gxf3 Raxd8 18. bxc3 Nd5 19. Bg5
Rd7 20. Re1 h6 21. Bxd5 hxg5 22. Re8 Rd8 23. Re5 g6 24. Rxg5 Kg7 25. c4 Kf6
26. f4 Rc8 27. h4 Rc5 28. h5 gxh5 29. Rxh5 b5 30. cxb5 Rxb5 31. Kg2 Rc5 32.
Kg3 Rc3+ 33. Kg4 Rc5 34. Rh6+ Kg7 35. Rd6 Rc2 36. Kg5 Rc5 37. f5 Ra5 38.
Rg6+ Kh7 39. Bb3 Rb5 40. Rg8 Rbb8 41. f4 a5 42. Be6 a4 43. Kf6 a3 44. Rg3
1-0

[Event "World Blitz 2023"]
[Site "Samarkand UZB"]
[Date "2023.12.30"]
[Round "16.13"]
[White "Riazantsev, Alexander"]
[Black "Salem, A.R. Saleh"]
[Result "0-1"]
[WhiteElo "2621"]
[BlackElo "2668"]
[EventDate "2023.12.29"]

1. d4 Nf6 2. c4 g6 3. Nc3 Bg7 4. e4 d6 5. Nf3 O-O 6. Be2 e5 7. dxe5 dxe5 8.
O-O Nbd7 9. b4 Re8 10. Qc2 Qe7 11. b5 c6 12. a4 Nc5 13. Ba3 Nfd7 14. Rfd1
Bf8 15. a5 Qf6 16. h3 Ne6 17. a6 Bxa3 18. axb7 Bxb7 19. Rxa3 Nd4 20. Nxd4
exd4 21. bxc6 Bxc6 22. Nd5 Qe5 23. Bf3 Nc5 24. Ra5 Ne6 25. Qd2 Bxd5 26.
cxd5 Ng5 27. Qxd4 Nxf3+ 28. gxf3 Qg5+ 29. Kf1 Qh5 30. Kg2 Qg5+ 31. Kf1 Qh5
32. Ke2 Rac8 33. Ra2 Rcd8 34. d6 Rd7 35. Rxa7 Rxa7 36. Qxa7 Rxe4+ 37. Kd2
Qd5+ 38. Kc3 Rc4+ 39. Kb2 Qb5+ 40. Ka3 Qb4+ 41. Ka2 Rc2+ 0-1

[Event "World Blitz 2023"]
[Site "Samarkand UZB"]
[Date "2023.12.30"]
[Round "16.14"]
[White "Tomashevsky, Evgeny"]
[Black "Muradli, Mahammad"]
[Result "0-1"]
[WhiteElo "2663"]
[BlackElo "2551"]
[EventDate "2023.12.29"]

1. Nf3 Nf6 2. g3 g6 3. Bg2 Bg7 4. O-O c5 5. c4 O-O 6. Nc3 Nc6 7. d4 cxd4 8.
Nxd4 h5 9. Nf3 b6 10. Bg5 Bb7 11. Rc1 Rc8 12. b3 d6 13. Qd2 Re8 14. Rfd1
Nh7 15. Bh6 Nf6 16. Bxg7 Kxg7 17. Nd5 Nd7 18. Qb2+ Kg8 19. Rd2 Nce5 20.
Nxe5 Nxe5 21. Nf6+ exf6 22. Bxb7 Rc7 23. Bg2 Qe7 24. Rcd1 Rd8 25. Rd4 Rc5
26. Qd2 b5 27. cxb5 Rxb5 28. Rxd6 Rxd6 29. Qxd6 Qxd6 30. Rxd6 Rc5 31. Ra6
Rc1+ 32. Bf1 Nc6 33. Kg2 Kg7 34. e3 Rc2 35. Bd3 Rc3 36. Be4 Ne5 37. Rxa7 f5
38. Bd5 Rc2 39. Kf1 Ng4 40. h3 Nxf2 41. Rxf7+ Kh6 42. a4 Nxh3 43. Bc4 Ng5
44. a5 Nxf7 45. Bxf7 Ra2 46. b4 Ra4 47. Bd5 Rxb4 48. a6 Ra4 49. Bb7 Ra2 50.
Kg1 Kg5 51. Kf1 Kg4 52. e4 fxe4 53. Bxe4 Rxa6 0-1

[Event "World Blitz 2023"]
[Site "Samarkand UZB"]
[Date "2023.12.30"]
[Round "16.15"]
[White "Maghsoodloo, Parham"]
[Black "Lazavik, Denis"]
[Result "1/2-1/2"]
[WhiteElo "2660"]
[BlackElo "2556"]
[EventDate "2023.12.29"]

1. c4 Nf6 2. Nc3 e5 3. Nf3 Nc6 4. g3 d5 5. cxd5 Nxd5 6. Bg2 Bc5 7. O-O O-O
8. d3 h6 9. Nxd5 Qxd5 10. Bd2 Rd8 11. Qc2 Qd6 12. a3 a5 13. Rac1 Bb6 14.
Be3 Be6 15. Qa4 Bd5 16. Bxb6 cxb6 17. Rfe1 Rac8 18. Rc3 Ne7 19. Rec1 Rxc3
20. Rxc3 Bc6 21. Qb3 b5 22. Nd2 a4 23. Qc2 Bxg2 24. Kxg2 Nc6 25. Nf3 f5 26.
Qc1 e4 27. Nh4 Qe6 28. Qf4 Rd5 29. dxe4 Qxe4+ 30. Qxe4 fxe4 31. Ng6 Rd2 32.
Re3 Rxb2 33. Rxe4 b4 34. f4 Kf7 35. f5 bxa3 36. g4 Rd2 37. Nh8+ Kf8 38.
Ng6+ Kf7 39. Nh8+ Kf8 40. Ng6+ 1/2-1/2

[Event "World Blitz 2023"]
[Site "Samarkand UZB"]
[Date "2023.12.30"]
[Round "16.16"]
[White "Tabatabaei, M. Amin"]
[Black "Mamedov, Rauf"]
[Result "1-0"]
[WhiteElo "2573"]
[BlackElo "2635"]
[EventDate "2023.12.29"]

1. c4 c5 2. g3 g6 3. Bg2 Bg7 4. Nc3 Nc6 5. d3 d6 6. e3 Nf6 7. Nge2 Bd7 8.
b3 Qc8 9. h3 O-O 10. Bb2 a6 11. Qd2 Rb8 12. g4 b5 13. O-O bxc4 14. dxc4 h5
15. g5 Nh7 16. h4 Bh3 17. f3 Bxg2 18. Kxg2 Re8 19. Rad1 Ne5 20. Qc2 Qb7 21.
Ba1 Nf8 22. Nd5 Rbd8 23. e4 a5 24. a4 Ne6 25. Bc3 Nc6 26. Bxg7 Kxg7 27.
Qc3+ Ned4 28. Rb1 f6 29. gxf6+ exf6 30. Ng3 Ne5 31. Qxa5 Rf8 32. Qc7+ Qxc7
33. Nxc7 Rd7 34. Nb5 Ne6 35. Rbd1 Nf4+ 36. Kf2 Nf7 37. Rd2 Rfd8 38. Rfd1
Kf8 39. Ke3 Ne6 40. Ne2 g5 41. Ng3 Ng7 42. Rd5 Re8 43. Kf2 Red8 44. Rh1 g4
45. f4 Re8 46. Rhd1 Ne6 47. Nxh5 Nc7 48. Nxc7 Rxc7 49. Nxf6 Re6 50. Nxg4
Rxe4 51. Kf3 Re8 52. Nf6 Rb8 53. R5d3 Rcb7 54. Rb1 Kg7 55. Ne4 Rf8 56. Kg3
Re7 57. Ng5 Nh6 58. a5 Nf5+ 59. Kg4 Re2 60. a6 Kg6 61. h5+ Kh6 62. Rbd1
Rg2+ 63. Kh3 Ra2 64. Rxd6+ Nxd6 65. Rxd6+ Kxh5 66. Kg3 Rb8 67. Rd3 Rxa6 68.
Ne4 Ra1 69. Nxc5 Kg6 70. Kf3 Rf1+ 71. Ke4 Re8+ 72. Kd5 Rxf4 73. Rg3+ Kf7
74. Kc6 Rc8+ 75. Kb5 Rb8+ 76. Ka5 Ra8+ 77. Kb4 Rb8+ 78. Kc3 Rf1 79. Rd3 Ke7
80. Re3+ Kd6 81. Nd3 Ra8 82. Rh3 Rf6 83. b4 Rg6 84. b5 Rc8 85. Kb4 Rg4 86.
Rh6+ Ke7 87. Ne5 Re4 88. Nc6+ Kd7 89. Kc5 Rg4 90. Rh7+ Ke6 91. Re7+ Kf6 92.
Re1 Rh8 93. Rf1+ Ke6 94. Re1+ Kf6 95. b6 Rg2 96. b7 Rb2 97. b8=Q Rhxb8 98.
Nxb8 Rxb8 99. Kd6 Rd8+ 100. Kc7 Ra8 101. c5 Kf7 102. c6 Ra7+ 103. Kc8 Ra2
104. c7 Rc2 105. Re4 Rc1 106. Rb4 1-0

[Event "World Blitz 2023"]
[Site "Samarkand UZB"]
[Date "2023.12.30"]
[Round "16.17"]
[White "Aravindh, Chithambaram Vr."]
[Black "Sindarov, Javokhir"]
[Result "1/2-1/2"]
[WhiteElo "2584"]
[BlackElo "2607"]
[EventDate "2023.12.29"]

1. d4 Nf6 2. Nf3 g6 3. g3 b6 4. Bg2 Bb7 5. O-O Bg7 6. c4 O-O 7. Re1 d6 8.
d5 Nbd7 9. Nc3 Nc5 10. e4 e6 11. Nd4 e5 12. Nc6 Bxc6 13. dxc6 a5 14. Be3
Qe8 15. Nd5 Nxd5 16. cxd5 f5 17. exf5 gxf5 18. a3 a4 19. Rc1 e4 20. Re2 Nd3
21. Rb1 Qg6 22. Kh1 Kh8 23. Qc2 Rae8 24. Qxa4 f4 25. gxf4 Nxf4 26. Bxf4
Rxf4 27. Qb3 Qh6 28. Rbe1 Be5 29. h3 Rf3 30. Re3 Rxf2 31. Rxe4 Rg8 32. Rxe5
dxe5 33. Rg1 Qg5 34. d6 cxd6 35. Qd5 Qg7 36. b4 b5 37. Qe4 Rd2 38. Qf3 d5
39. c7 Qxc7 40. Qf6+ Qg7 41. Bxd5 Rxd5 42. Rxg7 Rxg7 43. Qf8+ Rg8 44. Qf6+
Rg7 45. Qf8+ Rg8 46. Qf6+ 1/2-1/2

[Event "World Blitz 2023"]
[Site "Samarkand UZB"]
[Date "2023.12.30"]
[Round "16.18"]
[White "Andreikin, Dmitry"]
[Black "Pantsulaia, Levan"]
[Result "1/2-1/2"]
[WhiteElo "2741"]
[BlackElo "2579"]
[EventDate "2023.12.29"]

1. d4 c5 2. d5 g6 3. e4 Bg7 4. Nf3 d6 5. Bb5+ Bd7 6. a4 Nf6 7. Nc3 Bxb5 8.
axb5 O-O 9. O-O Nbd7 10. h3 Ne8 11. Bf4 Nc7 12. Re1 Nb6 13. Qd3 Qd7 14. Ra5
a6 15. bxa6 Rxa6 16. Rxa6 Nxa6 17. e5 Nb4 18. Qe4 dxe5 19. Nxe5 Qf5 20. Bg3
Nxc2 21. Rd1 Nd4 22. Qxf5 gxf5 23. Nd3 Rc8 24. d6 exd6 25. Bxd6 Nc4 26. Nd5
Nxd6 27. Ne7+ Kf8 28. Nxc8 Nxc8 29. Nxc5 b6 30. Na4 Ke7 31. Kf1 Ne6 32. Rd5
f4 33. Ke2 Bd4 34. Nc3 Nd6 35. Rh5 Bxc3 36. bxc3 Ne4 37. Rxh7 Nxc3+ 38. Kd3
Nd5 39. Rh8 b5 40. Rb8 b4 41. h4 Kf6 42. Kc4 Nc3 43. Rxb4 Nd1 44. g3 Nxf2
45. gxf4 Nxf4 46. Rb7 Nh5 47. Kd4 Kg6 48. Ke3 Ng4+ 49. Kf3 Ne5+ 50. Ke4 f6
51. Rb6 Ng3+ 52. Kf4 Nh5+ 53. Ke4 Ng4 54. Kf3 Kf5 55. Rb5+ Ne5+ 56. Kf2 Kg4
57. Rb8 f5 58. Rg8+ Kf4 59. Rg5 Ng4+ 60. Ke2 Ng3+ 61. Kd3 Ne5+ 62. Kc2 Ng4
63. Rxf5+ Kxf5 64. h5 Nh6 65. Kd3 Kf4 66. Kd4 Ngf5+ 67. Kd3 Ke5 68. Kc4 Ke4
69. Kc3 Nd6 70. Kb4 Kd4 71. Kb3 Ne4 72. Kb4 Nc3 73. Kb3 Nd5 74. Ka4 Kc4 75.
Ka3 Nc3 76. Kb2 Ne4 77. Kc2 Kd4 78. Kb3 Ke5 1/2-1/2

[Event "World Blitz 2023"]
[Site "Samarkand UZB"]
[Date "2023.12.30"]
[Round "16.19"]
[White "Adhiban, B."]
[Black "Giri, Anish"]
[Result "1-0"]
[WhiteElo "2576"]
[BlackElo "2731"]
[EventDate "2023.12.29"]

1. b3 d5 2. Nf3 c5 3. e3 Nf6 4. Bb2 g6 5. Bb5+ Bd7 6. Bxf6 exf6 7. Bxd7+
Qxd7 8. d4 Nc6 9. O-O cxd4 10. Nxd4 Bg7 11. Nc3 Rd8 12. Qd2 f5 13. Nce2 O-O
14. Rfd1 Qe7 15. c3 h5 16. Qc2 Rd7 17. Rd2 Rfd8 18. Rad1 h4 19. h3 Bf6 20.
Nf3 Qc5 21. b4 Qc4 22. Qb3 Qxb3 23. axb3 a6 24. Rd3 Kg7 25. Nf4 Ne7 26. c4
g5 27. Nxd5 Nxd5 28. Rxd5 Rxd5 29. Rxd5 Rxd5 30. cxd5 Be7 31. Nd4 Kf6 32.
b5 axb5 33. Nxb5 Ke5 34. d6 Bd8 35. Kf1 Kd5 36. Ke2 Kc5 37. Nd4 f4 38. Nf5
fxe3 39. fxe3 Kd5 40. Kd3 Ke5 41. e4 f6 42. Ke3 Bb6+ 43. Kf3 Ke6 44. b4 Ba7
45. Kg4 Bb8 46. Nd4+ Kxd6 47. Kf5 Ke7 48. Nb3 Bd6 49. b5 Bb4 50. Nd4 Bc3
51. Nc2 Kd6 52. Ne3 Kc5 53. Nd5 Bd4 54. Nxf6 Kxb5 55. e5 Kc4 56. e6 Bc5 57.
Nd7 Bd6 58. Nb6+ Kd4 59. Nc8 Bc5 60. e7 Bxe7 61. Nxe7 b5 62. Kxg5 Kc5 63.
Kf4 b4 64. Ke4 b3 65. Nd5 b2 66. Nc3 Kc4 67. Nb1 Kb3 68. Kd3 Ka2 69. Kc2
Ka1 70. Nc3 1-0

[Event "World Blitz 2023"]
[Site "Samarkand UZB"]
[Date "2023.12.30"]
[Round "16.20"]
[White "Grischuk, Alexander"]
[Black "Makhnev, Denis"]
[Result "1/2-1/2"]
[WhiteElo "2699"]
[BlackElo "2528"]
[EventDate "2023.12.29"]

1. d4 d5 2. c4 e6 3. Nc3 c6 4. Nf3 dxc4 5. e4 b5 6. a4 Bb4 7. Be2 Nf6 8.
Bg5 h6 9. Bh4 g5 10. Bg3 Nxe4 11. O-O Nxg3 12. fxg3 Bxc3 13. bxc3 Nd7 14.
Qb1 a6 15. Qe4 Bb7 16. Ne5 Nxe5 17. dxe5 Qb6+ 18. Kh1 O-O-O 19. Rxf7 Rd2
20. Bf3 Kb8 21. g4 Rhd8 22. h3 R2d7 23. Qg6 c5 24. Rxd7 Rxd7 25. Bxb7 Kxb7
26. axb5 axb5 27. Kh2 Qc6 28. Qe8 Kb6 29. Ra8 Rb7 30. Qd8+ Qc7 31. Qf6 Qc6
32. Qd8+ Qc7 33. Qf6 Qf7 34. Qd8+ Qc7 1/2-1/2

[Event "World Blitz 2023"]
[Site "Samarkand UZB"]
[Date "2023.12.30"]
[Round "16.21"]
[White "Idani, Pouya"]
[Black "Korobov, Anton"]
[Result "1-0"]
[WhiteElo "2574"]
[BlackElo "2649"]
[EventDate "2023.12.29"]

1. e4 c5 2. Nf3 d6 3. Bb5+ Nd7 4. d4 cxd4 5. Qxd4 a6 6. Be2 Ngf6 7. O-O e5
8. Qe3 Nc5 9. Nfd2 b5 10. c4 bxc4 11. Bxc4 Be7 12. Nc3 Be6 13. b3 O-O 14.
Ba3 Rc8 15. Rad1 Qc7 16. Rfe1 Rfd8 17. Bxc5 Qxc5 18. Qxc5 Rxc5 19. Bxe6
fxe6 20. Nc4 d5 21. exd5 exd5 22. Na4 Rc7 23. Nxe5 Ne4 24. f3 Nc3 25. Nxc3
Rxc3 26. Kf1 Bf6 27. Ng4 Kf7 28. Re3 h5 29. Rxc3 Bxc3 30. Nf2 Re8 31. g3
Ke6 32. Rd3 Bf6 33. Re3+ Kd7 34. Rxe8 Kxe8 35. Ke2 Kd7 36. Kd3 Kd6 37. Nd1
Kc5 38. Nc3 g5 39. b4+ Kc6 40. g4 hxg4 41. fxg4 Kd6 42. b5 axb5 43. Nxb5+
Kc5 44. Nc3 Be5 45. h3 Bc7 46. a3 Ba5 47. Ne2 Bc7 48. Nd4 Bd6 49. Ne6+ Kc6
50. a4 Be7 51. a5 Kb5 52. Kd4 Kc6 53. a6 Bf6+ 54. Kd3 Kb6 55. Nc5 Be7 56.
Na4+ Kxa6 57. Nc3 Kb7 58. Nxd5 Bd8 59. Ke4 Kc6 60. Nb4+ Kc5 61. Nd3+ Kc4
62. Ne5+ Kc3 63. Nf7 Be7 1-0

[Event "World Blitz 2023"]
[Site "Samarkand UZB"]
[Date "2023.12.30"]
[Round "16.22"]
[White "Sjugirov, Sanan"]
[Black "Vidit, Santosh Gujrathi"]
[Result "1/2-1/2"]
[WhiteElo "2569"]
[BlackElo "2642"]
[EventDate "2023.12.29"]

1. e4 c5 2. Nf3 d6 3. d4 cxd4 4. Nxd4 Nf6 5. Bc4 e6 6. Bd3 Nc6 7. Nxc6 bxc6
8. c4 Be7 9. O-O O-O 10. Nc3 c5 11. Qe2 Bb7 12. Rd1 Nd7 13. a3 Ne5 14. b4
cxb4 15. axb4 a6 16. Be3 Qc7 17. Rdc1 Rfc8 18. Na4 Rab8 19. Ba7 Ra8 20. Be3
Nd7 21. c5 dxc5 22. bxc5 Rd8 23. Nb6 Rab8 24. Nxd7 Rxd7 25. Bxa6 Bxe4 26.
c6 Bxc6 27. Qc2 Bf6 28. Rab1 Rxb1 29. Qxb1 Qd6 30. Qb6 Bd5 31. Rc8+ Bd8 32.
Qxd6 Rxd6 33. Bb6 Bb7 34. Rxd8+ Rxd8 35. Bxd8 Bxa6 36. Bb6 f6 37. g3 Bb7
38. Ba5 Kf7 39. Bc3 g5 40. Bd2 Kg6 41. Ba5 h5 42. h4 gxh4 43. gxh4 Kf5 44.
Bd8 e5 45. Be7 Ke6 46. Bd8 f5 47. Bc7 f4 48. Bb8 Kf5 49. Bc7 Bf3 50. Bb8 e4
51. Bc7 Kg4 52. Bd6 e3 53. fxe3 fxe3 54. Be7 Kg3 55. Kf1 Bg4 56. Ke1 Kf3
57. Bd8 1/2-1/2